[Event "POL-ch Rapid U18 Girls"]
[Site "Bydgoszcz"]
[Date "2023.08.29"]
[Round "2"]
[White "Gajec, Roza"]
[Black "Biniak, Zuzanna"]
[Result "1/2-1/2"]
[WhiteElo "1409"]
[BlackElo "1625"]
[PlyCount "49"]
[EventDate "2023.08.28"]
[EventType "swiss"]
[EventRounds "11"]
[EventCountry "POL"]
[SourceTitle "EXT 2024"]
[Source "ChessBase"]
[SourceDate "2023.10.10"]
[SourceVersion "1"]
[SourceVersionDate "2023.10.10"]
[SourceQuality "1"]

1. e4 c5 2. Nf3 d6 3. d4 cxd4 4. Nxd4 Nf6 5. Bd3 g6 6. c4 Bg7 7. Nc3 Nc6 8. Nxc6 bxc6 9. 0-0 0-0 10. h3 Rb8 11. Qe2 Nd7 12. Qc2 Nc5 13. Rb1 Nxd3 14. Qxd3 Qc7 15. Bf4 Ba6 16. Rfd1 Qa5 17. Bd2 Qc7 18. Bf4 Rfd8 19. b3 Rbc8 20. Rbc1 Rf8 21. Qc2 Qa5 22. Bd2 Qc7 23. Bf4 Qa5 24. Bd2 Qc7 25. Bf4 1/2-1/2

[Event "POL-ch Rapid U18 Girls"]
[Site "Bydgoszcz"]
[Date "2023.08.29"]
[Round "4"]
[White "Zapalowska, Wiktoria"]
[Black "Biniak, Zuzanna"]
[Result "1/2-1/2"]
[WhiteElo "1570"]
[BlackElo "1625"]
[PlyCount "54"]
[EventDate "2023.08.28"]
[EventType "swiss"]
[EventRounds "11"]
[EventCountry "POL"]
[SourceTitle "EXT 2024"]
[Source "ChessBase"]
[SourceDate "2023.10.10"]
[SourceVersion "1"]
[SourceVersionDate "2023.10.10"]
[SourceQuality "1"]

1. e4 c5 2. Nf3 d6 3. Bb5+ Bd7 4. a4 a6 5. Bxd7+ Nxd7 6. 0-0 Ngf6 7. Re1 g6 8. c3 Bg7 9. d4 cxd4 10. cxd4 0-0 11. Nc3 Rc8 12. h3 h6 13. Be3 Nb6 14. Nd2 Kh7 15. a5 Nc4 16. Nxc4 Rxc4 17. Qd2 b5 18. axb6 Qxb6 19. f3 Rb8 20. Reb1 Qb7 21. Qd3 Rb4 22. Qxa6 Qxa6 23. Rxa6 Rxb2 24. Rxb2 Rxb2 25. Ra3 Rb7 26. Kf2 Nd7 27. Ne2 Nf6 1/2-1/2

[Event "POL-ch U16 Girls"]
[Site "Jastrzebia Gora"]
[Date "2023.??.??"]
[Round "5"]
[White "Biniak, Zuzanna"]
[Black "Niedorys, Karolina"]
[Result "1-0"]
[WhiteElo "1457"]
[BlackElo "1458"]
[PlyCount "89"]
[EventDate "2023.03.11"]
[EventType "swiss"]
[EventRounds "9"]
[EventCountry "POL"]
[SourceTitle "CBM 213 Extra"]
[Source "ChessBase"]
[SourceDate "2023.05.31"]
[SourceVersion "1"]
[SourceVersionDate "2023.05.31"]
[SourceQuality "1"]

1. e4 c5 2. Nf3 d6 3. d3 Nc6 4. g3 g6 5. Bg2 Bg7 6. c3 e5 7. a3 Nge7 8. 0-0 0-0 9. Ne1 Be6 10. Nd2 f5 11. f4 b5 12. Nc2 Qd7 13. Nf3 Rab8 14. Ng5 a5 15. Nxe6 Qxe6 16. Be3 b4 17. axb4 axb4 18. exf5 gxf5 19. fxe5 b3 20. Na3 Nxe5 21. Re1 Qg6 22. Bf4 N5c6 23. Nc4 Rf6 24. Ra3 Bh6 25. Bxh6 Qxh6 26. Rxb3 Rbf8 27. Ne3 Kh8 28. d4 c4 29. Rb6 d5 30. Nxd5 Nxd5 31. Bxd5 f4 32. Rxc6 fxg3 33. hxg3 Rxc6 34. Bxc6 Qxc6 35. Rf1 Rxf1+ 36. Qxf1 Qh6 37. Qf4 Qxf4 38. gxf4 Kg7 39. Kg2 Kf6 40. Kg3 h5 41. Kh4 Kf5 42. Kxh5 Kxf4 43. Kg6 Ke4 44. Kf6 Kd5 45. Kf5 1-0

[Event "POL-ch U16 Girls"]
[Site "Sypniewo"]
[Date "2022.03.26"]
[Round "8"]
[White "Pastuszko, Katarzyna"]
[Black "Biniak, Zuzanna"]
[Result "1-0"]
[WhiteElo "1422"]
[BlackElo "1257"]
[PlyCount "61"]
[EventDate "2022.03.19"]
[EventType "swiss"]
[EventRounds "9"]
[EventCountry "POL"]
[SourceTitle "CBM 207 Extra"]
[Source "ChessBase"]
[SourceDate "2022.05.31"]
[SourceVersion "1"]
[SourceVersionDate "2022.05.31"]
[SourceQuality "1"]

1. e4 c5 2. Nf3 d6 3. d4 cxd4 4. Nxd4 Nf6 5. Nc3 g6 6. Be3 Bg7 7. Be2 Nc6 8. 0-0 Bd7 9. Qd2 h5 10. f4 0-0 11. Rae1 a6 12. f5 Kh7 13. fxg6+ fxg6 14. Bc4 Ne5 15. Bb3 Qc8 16. Nd5 Nxd5 17. Rxf8 Bxf8 18. Bxd5 Bg7 19. Rf1 Nc4 20. Bxc4 Qxc4 21. b3 Qg8 22. Nf3 Be8 23. Qf2 Rc8 24. Ng5+ Kh8 25. g4 b5 26. Qg2 Rc3 27. Qd2 Rc6 28. Bd4 Rc8 29. Bxg7+ Qxg7 30. Ne6 Qh7 31. Rf8+ 1-0

[Event "POL-ch U16 Girls"]
[Site "Sypniewo"]
[Date "2022.03.25"]
[Round "7"]
[White "Biniak, Zuzanna"]
[Black "Arciszewska, Zuzanna"]
[Result "0-1"]
[WhiteElo "1257"]
[BlackElo "1589"]
[PlyCount "192"]
[EventDate "2022.03.19"]
[EventType "swiss"]
[EventRounds "9"]
[EventCountry "POL"]
[SourceTitle "CBM 207 Extra"]
[Source "ChessBase"]
[SourceDate "2022.05.31"]
[SourceVersion "1"]
[SourceVersionDate "2022.05.31"]
[SourceQuality "1"]

1. e4 e5 2. Nf3 Nc6 3. Bb5 a6 4. Ba4 Nf6 5. 0-0 b5 6. Bb3 Bc5 7. c3 d6 8. d3 0-0 9. Nbd2 Bb7 10. h3 Bb6 11. Re1 Ne7 12. Nf1 Ng6 13. Ng3 Re8 14. Be3 Bxe3 15. fxe3 d5 16. exd5 Bxd5 17. Bxd5 Nxd5 18. Qc2 c5 19. Rad1 Qb6 20. Qf2 Rad8 21. e4 Ndf4 22. d4 exd4 23. cxd4 c4 24. Qe3 Nd3 25. Re2 Ngf4 26. Red2 Qh6 27. Nf1 Qg6 28. Ne5 Qb6 29. Nf3 Nd5 30. Qe2 N5b4 31. a3 Nc6 32. Rxd3 cxd3 33. Qxd3 Re7 34. Ne3 Red7 35. Nd5 Qb8 36. b4 f5 37. Ne3 fxe4 38. Qxe4 Qd6 39. Nf5 Qf6 40. d5 Ne7 41. Ne3 Ng6 42. Nd4 Nf4 43. Rf1 Qxd4 44. Rxf4 Qxe4 45. Rxe4 Kf7 46. Kf2 Re7 47. Rd4 Kf6 48. Kf3 g6 49. Ng4+ Kg7 50. Ne3 Rc8 51. Rd3 Rf8+ 52. Kg3 Rd8 53. Kf3 Kf6 54. Ng4+ Kf5 55. Kg3 Rc7 56. Kf3 h5 57. Ne3+ Ke5 58. g4 Rf7+ 59. Ke2 Ke4 60. Nd1 Ke5 61. Re3+ Kf6 62. Re6+ Kg5 63. Ne3 Rf6 64. Re4 Rfd6 65. Re5+ Kf4 66. Re7 hxg4 67. hxg4 Rh8 68. Kd3 Kg5 69. Kd4 Kf6 70. Re4 Rc8 71. Rf4+ Ke7 72. Re4+ Kd7 73. Rf4 Ke7 74. Re4+ Kf7 75. Rf4+ Rf6 76. Re4 Re8 77. Rxe8 Kxe8 78. Ke5 Rf3 79. Ke4 Rf2 80. Kd3 Kd7 81. Nd1 Ra2 82. Nc3 Rxa3 83. Kd4 Rb3 84. Ne4 Rxb4+ 85. Ke5 Rxe4+ 86. Kxe4 Kd6 87. Kd4 a5 88. Ke3 a4 89. Kd3 Kxd5 90. Kc3 Kc5 91. g5 b4+ 92. Kb2 Kc4 93. Ka2 Kc3 94. Kb1 Kb3 95. Ka1 Kc2 96. Ka2 b3+ 0-1

[Event "POL-ch U16 Girls"]
[Site "Sypniewo"]
[Date "2022.03.22"]
[Round "4"]
[White "Barwinska, Ewa"]
[Black "Biniak, Zuzanna"]
[Result "1-0"]
[WhiteElo "1848"]
[BlackElo "1257"]
[PlyCount "53"]
[EventDate "2022.03.19"]
[EventType "swiss"]
[EventRounds "9"]
[EventCountry "POL"]
[SourceTitle "CBM 207 Extra"]
[Source "ChessBase"]
[SourceDate "2022.05.31"]
[SourceVersion "1"]
[SourceVersionDate "2022.05.31"]
[SourceQuality "1"]

1. e4 c5 2. Nf3 Nc6 3. Bb5 d6 4. c3 Bd7 5. 0-0 Nf6 6. Re1 g6 7. d4 cxd4 8. cxd4 a6 9. Ba4 b5 10. e5 dxe5 11. dxe5 Nxe5 12. Nxe5 bxa4 13. Nxd7 Qxd7 14. Qf3 Qd5 15. Qxf6 Rg8 16. Nc3 Qb7 17. Qd4 Bg7 18. Qxa4+ Kf8 19. Qh4 h5 20. Bf4 Bf6 21. Bh6+ Bg7 22. Bxg7+ Kxg7 23. Rxe7 Qxb2 24. Qd4+ Kf8 25. Rae1 Rc8 26. Qf6 Rg7 27. Rxf7+ 1-0

[Event "POL-ch U16 Girls"]
[Site "Sypniewo"]
[Date "2022.03.20"]
[Round "2"]
[White "Biniak, Zuzanna"]
[Black "Kucharska, Helena"]
[Result "1-0"]
[WhiteElo "1257"]
[BlackElo "1687"]
[PlyCount "117"]
[EventDate "2022.03.19"]
[EventType "swiss"]
[EventRounds "9"]
[EventCountry "POL"]
[SourceTitle "CBM 207 Extra"]
[Source "ChessBase"]
[SourceDate "2022.05.31"]
[SourceVersion "1"]
[SourceVersionDate "2022.05.31"]
[SourceQuality "1"]

1. c4 e5 2. g3 g6 3. Bg2 c6 4. Nc3 Bg7 5. d3 Ne7 6. Nf3 d5 7. cxd5 cxd5 8. 0-0 0-0 9. Rb1 a5 10. a4 Nbc6 11. Nd2 Nb4 12. Nb5 Bd7 13. Na3 Bc6 14. b3 Rc8 15. Bb2 h5 16. Nf3 Qd6 17. Re1 Rfd8 18. Nb5 Bxb5 19. axb5 Nc2 20. Rf1 d4 21. Nd2 Nb4 22. Bxb7 Rb8 23. Nc4 Qc7 24. Ba6 Nxa6 25. bxa6 Nc6 26. Ba3 Qa7 27. Qd2 Qxa6 28. Rfc1 Rd5 29. Rc2 Rdb5 30. Rcb2 Nb4 31. Bxb4 Rxb4 32. Ra2 a4 33. Rba1 Rxb3 34. Qc2 R8b4 35. Nd2 Rc3 36. Qd1 Qc6 37. Nc4 Rcb3 38. Na5 Qd5 39. Nxb3 axb3 40. Rb2 e4 41. Rab1 exd3 42. Qxd3 Rc4 43. Rxb3 Qc6 44. Qf3 Qe6 45. Rb8+ Bf8 46. Ra8 Rc3 47. Qf4 Qc6 48. Rba1 Qd5 49. Qb8 Qc5 50. Qf4 Qc6 51. h4 Qd5 52. Rb8 Kg7 53. Raa8 Qc6 54. f3 Rc1+ 55. Kg2 Qc5 56. Rxf8 f5 57. Rg8+ Kf7 58. Qg5 Qc6 59. Raf8+ 1-0